000 01573nam a2200493 i 4500
001 43010
003 KOSZ 005
005 20221006143145.0
008 001016s2000 pl |001 0 pol
015 _aUWD 2000/19959
020 _a8388296280
035 _a991014919819705066
035 _a(PL-WaBN)b14008580-48omnis_nlop
035 _ab14008580
035 _a(OCoLC)749610805
035 _acc2000037646
035 _a(PL)b0000001400858
035 _a(EXLNZ-48OMNIS_NETWORK)9910256661005606
040 _aWA N
_cWA N
_dKR U
_dKOSZ 005/HR
041 0 _apol
046 _k2000
080 _a342.9(438)
080 _a(075.8)
100 1 _aLeoński, Zbigniew
_d(1929-2006)
_eAutor
245 1 0 _aZarys prawa administracyjnego /
_cZbigniew Leoński.
250 _aStan prawny na 31 lipca 2000 r.
260 _aWarszawa :
_bWydawnictwa Prawnicze PWN,
_c2000.
300 _a252 s. ;
_c24 cm.
336 _aTekst
_btxt
_2rdacontent
337 _aBez urządzenia pośredniczącego
_bn
_2rdamedia
338 _aWolumin
_bnc
_2rdacarrier
380 _aKsiążki
388 _a1901-2000
388 _a1989-2000
504 _aBibliogr. przy rozdz. - Indeks.
650 7 _aPrawo administracyjne
_2DBN
651 7 _aPolska
655 7 _aPodręczniki akademickie
_2DBN
658 _aPrawo i wymiar sprawiedliwości
710 2 _aWydawnictwa Prawnicze PWN
856 _uhttp://koha.tu.koszalin.pl/cgi-bin/koha/opac-detail.pl?biblionumber=43010
_yKatalog online BPK
942 _2UKD
_cKS
999 _c43010
_d43010